000 00895nam a22002297a 4500
003 BUBTL
008 230320b ||||| |||| 00| 0 eng d
020 _a9780393977530
082 _a822.912/ B9963g/ 2002
100 _95245
_a Byrne, Sandie
245 _aGeorge Bernard Shaw's plays :
_bMrs Warren's profession, Pygmalion, Man and superman, Major Barbara : contexts and criticism /
_cSandie Byrne
250 _a2nd Edn
260 _aNew York:
_bW. W. Norton & Company
_cc2002
300 _axii, 545 p.:
_c22.5 cm.
440 _95161
_aA Norton Critical Edition
500 _aIncludes bibliographical references
505 _aGeorge Bernard Shaw, Mrs Warren's profession, Pygmalion, Man and superman, Major Barbara, Sandie Byrne, English, English Literature
650 0 _91994
_aEnglish Literature
856 _k0
_l0
_yDownload
942 _2ddc
_cBK
999 _c6992
_d6992